| 000 | 00904cam a2200397 4500 | ||
|---|---|---|---|
| 001 | J95050 | ||
| 008 | 090401t1998 xxu||||| |||| 00| 0 eng d | ||
| 035 | _a(Sirsi) u89688 | ||
| 041 | _aeng | ||
| 050 | _a333.33 | ||
| 110 |
_aKnight Frank _91530 |
||
| 245 | _aUK cities report 1998. | ||
| 260 |
_aLondon _bKnight Frank _c1998 |
||
| 300 | _a12p. ; 30cm. | ||
| 350 | _a0 | ||
| 650 | _aABERDEEN | ||
| 650 | _aBIRMINGHAM | ||
| 650 | _aBRISTOL | ||
| 650 | _aCARDIFF | ||
| 650 | _aEDINBURGH | ||
| 650 | _aEXETER | ||
| 650 | _aFLOORSPACE STATISTICS | ||
| 650 | _aGLASGOW | ||
| 650 | _aLEEDS | ||
| 650 | _aMANCHESTER | ||
| 650 | _aNEWCASTLE UPON TYNE | ||
| 650 | _aOFFICES | ||
| 650 | _aPLYMOUTH | ||
| 650 | _aRENTS | ||
| 650 | _aSHEFFIELD | ||
| 650 | _aUK CITIES REPORT | ||
| 650 | _aYIELDS | ||
| 690 | _aPROPERTY-COMMERCIAL PROPERTY | ||
| 942 | _n0 | ||
| 948 | _c16/11/1998 | ||
| 999 |
_c97492 _d97492 |
||